Diffusion in Solids

Gespeichert in:
Bibliographische Detailangaben
1. Verfasser: Shewmon, Paul G. (Verfasst von)
Format: Buch
Sprache:Englisch
Veröffentlicht: New York : McGraw-Hill, 1963
Schlagworte:
Tags: Tag hinzufügen
Keine Tags, Fügen Sie das erste Tag hinzu!

MARC

LEADER 00000nam a22000003a 4500
001 stu41845
005 20150617225719.5
008 940125s1963----xxu-----------------eng-d
040 |a STU  |b slo 
041 0 |a eng 
044 |a xxu 
080 |a 539.219.3  |7 stu_us_auth*stu5473 
100 1 |a Shewmon, Paul G.  |4 aut 
245 1 |a Diffusion in Solids 
260 |a New York :  |b McGraw-Hill,  |c 1963 
300 |a 203 s 
650 7 |a fyzika tuhých látok  |2 stusub 
650 7 |a difúzia  |2 stusub 
996 |b 284M003695  |c M*4066-1  |l MMKN  |s A  |a 24  |w stu41845_0001 
996 |b E34696  |c E*34696  |l EE11  |s P  |a 0  |w stu41845_0002